<?xml version="1.0" encoding="UTF-8"?>
<record
    xmlns:xsi="http://www.w3.org/2001/XMLSchema-instance"
    xsi:schemaLocation="http://www.loc.gov/MARC21/slim http://www.loc.gov/standards/marcxml/schema/MARC21slim.xsd"
    xmlns="http://www.loc.gov/MARC21/slim">

  <leader>02354nab a2200229 ab4500</leader>
  <controlfield tag="005">20260526112650.0</controlfield>
  <controlfield tag="008">251016c2025    ve fr poo#   #00|   spa d</controlfield>
  <controlfield tag="003"></controlfield>
  <datafield tag="040" ind1=" " ind2=" ">
    <subfield code="a">MX-MxUPN</subfield>
    <subfield code="b">spa</subfield>
    <subfield code="c">MX-MxUPN</subfield>
    <subfield code="e">aacr2</subfield>
  </datafield>
  <datafield tag="100" ind1="1" ind2=" ">
    <subfield code="a">Jim&#xE9;nez, Josmary</subfield>
    <subfield code="9">59706</subfield>
  </datafield>
  <datafield tag="245" ind1="1" ind2=" ">
    <subfield code="a">Cavilando la pr&#xE1;ctica docente mediada por Tecnolog&#xED;as de Informaci&#xF3;n y Comunicaci&#xF3;n (TIC) en el Instituto Pedag&#xF3;gico de Barquisimeto</subfield>
    <subfield code="h">[recurso electr&#xF3;nico en l&#xED;nea]</subfield>
  </datafield>
  <datafield tag="506" ind1="0" ind2=" ">
    <subfield code="a">Acceso abierto</subfield>
  </datafield>
  <datafield tag="520" ind1="3" ind2=" ">
    <subfield code="a">La intenci&#xF3;n del presente ensayo se centra en repensar de la pr&#xE1;ctica docente mediada por las tecnolog&#xED;as en el Instituto Pedag&#xF3;gico de Barquisimeto y tiene como finalidad generar reflexiones sobre el hacer did&#xE1;ctico y curricular del docente concebido como Ser que gestiona y transforma la pr&#xE1;ctica docente a trav&#xE9;s de la integraci&#xF3;n de las Tecnolog&#xED;as de Informaci&#xF3;n y Comunicaci&#xF3;n (TIC) desde la dimensi&#xF3;n curricular. Aprender y ense&#xF1;ar con las (TIC) como instrumentos mediadores en los procesos de gesti&#xF3;n de conocimiento (producci&#xF3;n, promoci&#xF3;n, difusi&#xF3;n y divulgaci&#xF3;n de nuevos saberes), requiere de un reflexionar continuo en los procesos acad&#xE9;micos y curriculares, esto lleva a pensar en c&#xF3;mo se est&#xE1; ejecutando el hacer docente dentro de la universidad. Finalmente, la pr&#xE1;ctica docente en el marco de los procesos de formaci&#xF3;n virtual, precisa asumirse como un proceso orientado desde la racionalidad del docente como sujeto educativo, que asume la articulaci&#xF3;n entre la concepci&#xF3;n de la educaci&#xF3;n, el curr&#xED;culo, y las tecnolog&#xED;as como elementos claves, propios del docente, sobre las cuales la instituci&#xF3;n requiere trabajar para realizar adecuaciones y transformaciones, esto en aras de garantizar una formaci&#xF3;n acad&#xE9;mica que permita alcanzar las competencias preestablecidas en el dise&#xF1;o curricular y que sea coherente con las exigencias educativas actuales. </subfield>
    <subfield code="c">REDINE</subfield>
  </datafield>
  <datafield tag="650" ind1=" " ind2="4">
    <subfield code="a">Tecnolog&#xED;as de la informaci&#xF3;n y comunicaci&#xF3;n</subfield>
    <subfield code="9">21219</subfield>
  </datafield>
  <datafield tag="653" ind1=" " ind2=" ">
    <subfield code="a">Pr&#xE1;ctica docente</subfield>
  </datafield>
  <datafield tag="653" ind1=" " ind2=" ">
    <subfield code="a">Integraci&#xF3;n curricular</subfield>
  </datafield>
  <datafield tag="773" ind1=" " ind2=" ">
    <subfield code="g">Vol. 17, no. 1 (2025), p. 26-35</subfield>
    <subfield code="t">REDINE : red de investigaci&#xF3;n educativa</subfield>
    <subfield code="x">2244&#x2013;7997</subfield>
  </datafield>
  <datafield tag="856" ind1="4" ind2=" ">
    <subfield code="u">https://revistas.uclave.org/index.php/redine/article/view/5133</subfield>
  </datafield>
  <datafield tag="856" ind1="4" ind2=" ">
    <subfield code="u">https://revistas.uclave.org/index.php/redine/article/view/5133/3661</subfield>
  </datafield>
  <datafield tag="902" ind1=" " ind2=" ">
    <subfield code="a">Leonor Sotres/260526</subfield>
  </datafield>
  <datafield tag="942" ind1=" " ind2=" ">
    <subfield code="c">ART-E</subfield>
  </datafield>
  <datafield tag="952" ind1=" " ind2=" ">
    <subfield code="0">0</subfield>
    <subfield code="1">0</subfield>
    <subfield code="4">0</subfield>
    <subfield code="7">0</subfield>
    <subfield code="8">CAA</subfield>
    <subfield code="a">BCUPN50</subfield>
    <subfield code="b">BCUPN50</subfield>
    <subfield code="c">ENL</subfield>
    <subfield code="d">2026-05-26</subfield>
    <subfield code="l">0</subfield>
    <subfield code="r">2026-05-26 11:28:32</subfield>
    <subfield code="u">https://revistas.uclave.org/index.php/redine/article/view/5133/3661</subfield>
    <subfield code="w">2026-05-26</subfield>
    <subfield code="y">ART-E</subfield>
  </datafield>
  <datafield tag="999" ind1=" " ind2=" ">
    <subfield code="c">215208</subfield>
    <subfield code="d">215208</subfield>
  </datafield>
</record>
